000 00939naa a22002657a 4500
001 BR3800013
003 BR-BrBNA
005 20240918172753.0
007 ta
008 230509b bl.||||| |||| 00| 0 por d
040 _aBR-BrBNA
_bpor
_cBiblioteca Nacional de Agricultura
041 _a(Pt)
072 _aL00; E70
_b5212
_bG514
090 _aL00 BR3800013
100 1 _aTorres Filho, A.
111 1 _a2. Conferencia Nacional de Pecuaria
_cRio de Janeiro, GB (Brazil)
_d18 Jul 1938
245 1 _aA pecuaria na economia nacional [Brasil]
260 3 _aRio de Janeiro, GB (Brasil):
_c1938.
500 _a2. Conferencia Nacional de Pecuaria Rio de Janeiro, GB (Brasil): 1938. p. 169-181 (BR3800013-AM)L00
650 _aPECUARIA
650 _aEXPORTACAO
773 0 _t2. Conferencia Nacional de Pecuaria
_wL00 BR3800013
_gRio de Janeiro, GB (Brasil), 1938. p. 169-181
909 _a202404
_bLucia
_c55
_dLucia Elande
942 _cAM
_2AGRIS
999 _c301457
_d301457